Geography General Knowledge 2 - Statistics

General Stats
  • This quiz has been taken 92 times
  • The average score is 33 of 53
Answer Stats
Question Answer % Correct
E) Highest peak in the world Everest
96%
B) Formerly called Peking Beijing
93%
F) AKA the Sunshine State Florida
92%
A) The birthplace of modern democracy Athens
90%
D) This river runs through 4 major capitals of centralEurope Danube
89%
A) Nazi concentration camp that endured the most Jewish deaths Auschwitz
87%
O) Arabic country on the Persian Gulf Oman
87%
M) Home of the F1 Grand Prix and Monte Carlo Monaco
86%
L) Hometown of the Beatles Liverpool
85%
B) Area consisting of Estonia, Latvia, and Lithuania Baltic
83%
Q) Largest of the 5 boroughs of NYC Queens
83%
M) Island nation in the Mediterranean south of Sicily Malta
82%
C) The Mile High City is located in this state Colorado
80%
S) Home to Starbucks and the Space Needle Seattle
80%
O) Its cities include Toronto, Sudbury, Thunder Bay Ontario
77%
Q) Capital of Ecuador Quito
77%
K) Capital of Nepal Kathmandu
76%
Y) Arabic country to the south of Saudi Arabia Yemen
76%
R) Most famous Spanish soccer club Real Madrid
73%
V) Pacific island nation, its capital is Port Vila Vanuatu
73%
Z) The biggest city in Switzerland Zurich
73%
R) Capital of Saudi Arabia Riyadh
72%
Z) Capital of Croatia Zagreb
72%
E) Major Texan city on the Rio Grande border withJuarez, Mexico El Paso
70%
N) The country music capital of the world Nashville
70%
T) Capital of Estonia Tallinn
70%
N) Capital of Cyprus Nicosia
69%
P) Capital of Kosovo Pristina
66%
U) Its name translates to "Red Hero" Ulaanbaatar
66%
V) Melbourne is the capital of this Australian province Victoria
65%
H) Capital of Tasmania Hobart
62%
W) John Denver wrote a song about this Appalachian state West Virginia
62%
G) Capital of Botswana Gaborone
61%
W) Capital of Manitoba Winnipeg
61%
G) Tequila is produced exclusively in this Mexican city Guadalajara
59%
T) Large city on the Mexico border with California Tijuana
58%
D) Largest city in Tanzania Dar es Salaam
55%
P) Popular Thai island, famous for its nightlife Phuket
55%
S) Central Canadian plains province Saskatchewan
54%
U) 4th largest city in the Netherlands Utrecht
54%
J) Virginia colony established by English settlers in 1607 Jamestown
45%
X) Persian king who led his massive army against the Spartansat Thermopylae Xerxes
45%
L) Largest city in western Ukraine Lviv
41%
W) Western Poland city on the banks of the Oder River Wroclaw
41%
K) 2nd largest city in Nigeria, after Lagos Kano
32%
C) Massive ancient Maya complex in Yucatan, Mexico Chichen Itza
31%
X) Chinese megacity near the Taiwan strait Xiamen
28%
F) South Carolina fort where the first shots of theCivil War were fired Fort Sumter
24%
H) Capital of Bermuda Hamilton
23%
I) Largest island in the Inner Hebrides of Scotland Isle of Skye
23%
Y) In Norse mythology, it is the Tree of the 9 Worlds Yggdrasil
15%
I) Town on the southern coast of New Zealands South Island Invercargill
8%
J) The largest city in the Santa Catarina state of Brazil Joinville
1%
No matching quizzes found
Score Distribution
Percent of People with Each Score
Percentile by Number Answered
Your Score History
You have not taken this quiz